00933nam a22002411 450000100060000000300080000600500170001400800390003103500190007003500190008904000380010804100110014608200210015710000410017824501440021926000470036330000260041049000300043665100490046694200120051599900170052795201470054424280BD-RjUL20211209001030.0140313s1956 enk 000 0 eng a(BD-RjUL)24346 a(OCoLC)1075801 aDLCcOTdOCoLCdDLCdBD-RjULbeng1 aengger00a940.55bADW 19561 aAdenauer, Konrad,d1876-1967.97478810aWorld indivisible : bwith liberty and justice for all /cintrod. by Ernest Jackh. Translated from the German by Richard and Clara Winston. aLondon :bGeorge allen & unwin ltd,c1956. axxx, 122 p. ;c19 cm.0 aWorld perspectives,vv. 3 0aEuropexPolitics and governmenty1945-95814 2ddccBK c24280d24280 00102ddc40708NFICaRUCLbRUCLcStackd1969-03-29ePak American Councilg7.88l0o940.55 ADW 1956r2014-03-13 00:00:00tC-2w2014-03-13yBK